| 000 | 00487nam a22001577a 4500 | ||
|---|---|---|---|
| 999 |
_c531599 _d531599 |
||
| 003 | NUST | ||
| 005 | 20191021150135.0 | ||
| 008 | 191021b ||||| |||| 00| 0 eng d | ||
| 038 | _aNusrat Nadeem | ||
| 082 | _a004 SAH | ||
| 100 |
_a Naeem Sahar _924495 |
||
| 245 |
_aMS/Thesis:Pharmacoinformatics Approaches to Probe Current Paradigm Shift in Hypercholesterolemia _cSahar Naeem |
||
| 260 |
_aIslamabad _bRCMS NUST _c2019 |
||
| 700 | _4Dr. Ishrat Jabeen (Supervisor) | ||
| 942 |
_2ddc _cTHE |
||